| Поле | Инд. | ПП | Название | Значение |
|---|---|---|---|---|
| Тип записи | a | |||
| Библиографический уровень | m | |||
| 001 | Контрольный номер | 91ba5aef-b39c-4d59-b6b4-43c661ecac1d | ||
| 005 | Дата корректировки | 20140226163809.9 | ||
| 008 | Кодируемые данные | 20001027s?a aznnnabbn zn aan | ||
| 020 | a | ISBN | 5-02-001369-2 (в пер.) | |
| c | Цена, тираж | 1.70 | ||
| 040 | a | Служба первич. каталог. | RU-RKP | |
| a | Служба первич. каталог. | НБ ТвГУ | ||
| 041 | a | Код языка текста | rus | |
| 080 | a | Индекс УДК | 016:001(100)(092) | |
| 084 | a | Индекс другой классификации/Индекс ББК | Ч213(0)-8я1 | |
| a | Индекс другой классификации/Индекс ББК | 72 | ||
| 090 | x | Авторский знак | С59 | |
| a | Полочн. индекс | Ч213(0) | ||
| 100 | 1_ | a | Автор | Соколовская Зинаида Кузьминична |
| 245 | 10 | a | Заглавие | 400 биографий ученых |
| b | Продолж. заглавия | О сер. "Науч.-биогр. лит.", 1959-1986 : Библиогр. справ. | ||
| c | Ответственность | З. К. Соколовская; Отв. ред. А. Я. Яншин [АН СССР] | ||
| 260 | 0_ | a | Место издания | Москва |
| b | Издательство | Наука | ||
| c | Дата издания | 1988 | ||
| 300 | a | Объем | 509,[1] с. | |
| b | Иллюстрации/ тип воспроизводства | ил. | ||
| c | Размеры | 21 см | ||
| 440 | a | Серия | Науч.-библиогр. лит. | |
| 650 | a | Основная рубрика | Биографическая литература | |
| x | Основная подрубрика | Издательские каталоги | ||
| 650 | a | Основная рубрика | Наука | |
| x | Основная подрубрика | История | ||
| x | Основная подрубрика | Библиографические указатели | ||
| 653 | a | Ключевые слова | Библиографические пособия по культуре, науке, просвещению | |
| a | Ключевые слова | Указатели | ||
| 700 | 1_ | a | Другие авторы | Яншин А. Л. |
| e | Роль лиц | ред. | ||
| 852 | t | Порядковый номер экземпляра | 1 | |
| p | Инвентарный номер | 590809 | ||
| 930 | a | Новая/Ретро | указатели | |
| 954 | a | Дата поступления на обработку | 2001 | |
| 999 | a | Подразделение 2 | * |